000 00726nam a2200229Ia 4500
003 OSt
005 20220927105026.0
006 a|||||r|||| 00| 0
007 ta
008 220926b |||||||| |||| 00| 0 eng d
024 _a187123
037 _cReference Collections
040 _aRTL
_cRTL
_beng
041 _2eng
_aeng
082 _a"X9(J711).2.N68<-N48r, K8"
110 _a"Kailas Rubber Company Limited,Kottayam"
_9369612
245 0 _a"Annual report, 1948-68"
260 _aKottayam
_bKailas Rubber Company Ltd.
_c1968
700 _a"Kailas Rubber Company Limited,Kottayam"
_9369613
942 _h"X9(J711).2.N68<-N48r, K8"
_cCC
999 _c690317
_d690317